Death Note : Test - Statistiques

Statistiques générales
  • Ce quiz a été pris 1 153 fois
  • Le résultat moyen est 8 sur 10
Statistiques - réponses
Question Réponse % Correct
Quel est le surnom donné à Light Yagami suite à ses "exploits" ? Kira
98%
Quel est le métier de Misa Amane avant qu'elle n'obtienne le Death Note? Mannequin, Actrice
96%
Qui est le successeur de L après sa mort ? Near
92%
Selon Rem, pourquoi Jealous, le Shinigami, se sacrifie-t-il pour sauver Misa Amane ? Il était tombé amoureux d'elle
91%
Comment Light Yagami trouve-t-il le Death Note ? Il le ramasse à l'école
90%
Comment Light Yagami meurt-il à la fin de l'histoire ? Ryuk écrit son nom dans le Death Note
82%
Si l'on écrit simplement le nom d'une personne dans le cahier, au bout de combien de temps celle-ci décèdera ? Au bout de 40 secondes
68%
Au final, quelle morale peut être associée à toute l'histoire ? Les actions moralement ambiguës ont des conséquences complexes
66%
Quel est le vrai nom de L ? Lawliet
59%
Quel jour Misa choisit elle pour se suicider à la fin de l'histoire ? 14 Février
53%
Aucun quiz correspondant
Distribution des résultats
% des personnes avec chaque résultat
Percentile par nombre de réponses
Votre historique - résultats
Vous n’avez pas pris ce quiz